Building your support /

Bibliographic Details
Main Authors: Smale, Bob (Author), Fowlie, Julie (Author)
Format: eBook
Language:English
Published: Los Angeles, CA : SAGE Publications, Inc., 2022.
Series:Student success.
Subjects:
Online Access:Connect to the full text of this electronic book

MARC

Tag First Indicator Second Indicator Subfields
LEADER 00000cam a2200000 i 4500
001 in00005490713
006 m o d
007 cr un|||||||||
008 220823s2022 cau fo 000 0 eng d
005 20240923165508.5
035 |a (OCoLC)on1342451456 
040 |a SGPBL  |b eng  |e rda  |e pn  |c SGPBL  |d OCLCF  |d OCLCO  |d OCLCQ 
020 |a 9781071888438  |q (online resource) 
020 |a 1071888439 
035 |a (OCoLC)1342451456 
050 4 |a HM741  |b .S63 2022 
082 0 4 |a 302.3 
049 |a TXAM 
100 1 |a Smale, Bob,  |e author. 
245 1 0 |a Building your support /  |c Bob Smale, Julie Fowlie. 
264 1 |a Los Angeles, CA :  |b SAGE Publications, Inc.,  |c 2022. 
300 |a 1 online resource. 
336 |a text  |b txt  |2 rdacontent 
337 |a computer  |b c  |2 rdamedia 
338 |a online resource  |b cr  |2 rdacarrier 
490 1 |a SAGE skills: student success 
588 |a Description based on XML content. 
650 0 |a Social networks. 
650 0 |a Feedback (Psychology) 
650 6 |a Réseaux sociaux. 
650 6 |a Rétroaction (Psychologie) 
650 7 |a Feedback (Psychology)  |2 fast 
650 7 |a Social networks  |2 fast 
700 1 |a Fowlie, Julie,  |e author. 
830 0 |a Student success. 
856 4 0 |u http://proxy.library.tamu.edu/login?url=https://sk.sagepub.com/skills/student-success/pdwb/building-your-support  |z Connect to the full text of this electronic book  |t 0 
936 |a BATCHLOAD 
955 |a SAGE eBooks 
955 |a SAGE Skills Student Success Essentials Collection 2024 
955 |a SAGE Skills Student Success Essentials Collection 
994 |a 92  |b TXA 
999 f f |s 2400e04a-d79c-4da1-888c-724f7b38f23f  |i e3cc3ebf-db9f-4dc9-9cbb-1b441ea7c7a2  |t 0 
952 f f |a Texas A&M University  |b College Station  |c Electronic Resources  |d Available Online  |t 0  |e HM741 .S63 2022  |h Library of Congress classification 
998 f f |a HM741 .S63 2022  |t 0  |l Available Online